| 000 | 00997nam a22002417i 4500 | ||
|---|---|---|---|
| 999 |
_c23156 _d23156 |
||
| 003 | AR-CdUCM | ||
| 008 | 241213b20112011 pe||||| |||| 00| 0 spa d | ||
| 040 |
_aMUNICIPALIDAD PROVINCIAL DEL CUSCO _cBIBLIOTECA MUNICIPAL DEL CUSCO |
||
| 041 | _hspa | ||
| 082 |
_a746.0985 / E14 _bE14 |
||
| 100 |
_aEcharry Paredes, Jhonnathan Fernando _950879 |
||
| 245 | _aRescate e Interpretación de la Iconografía Textil del Distrito de Ccatcca / | ||
| 260 |
_aMunicipalidad Distrital de Ccatcca-Cusco : _c2011 |
||
| 300 |
_a92 páginas. : _c21 cm. |
||
| 505 | _aIconos del distrito de Ccatcca -- Naturalismo, fauna -- Naturalismo, flora -- Hombre y tradición -- Divinidades -- Motivos ornamentales, vegetales, bordados a color -- Tejido de Chullu típico de Ccatcca | ||
| 650 |
_aTejido _925306 |
||
| 650 |
_aNaturalismo _9522 |
||
| 650 |
_aOrnamentación _95872 |
||
| 650 |
_aBordados _950880 |
||
| 650 |
_aRepresentación de divinidades _950911 |
||
| 942 |
_2ddc _cLIBROS |
||
| 945 |
_apbj _d13-12-2024 |
||